[Event "Goiania CXG U2200 op"]
[Site "Goiania"]
[Date "2016.07.02"]
[Round "1"]
[White "Boucher, Daniel Ricardo"]
[Black "Di Simoni, Rafaela Moura"]
[Result "1/2-1/2"]
[WhiteElo "1732"]
[BlackElo "1476"]
[PlyCount "100"]
[EventDate "2016.07.02"]
[EventType "swiss"]
[EventRounds "5"]
[EventCountry "BRA"]
[SourceTitle "CBM 173 Extra"]
[Source "ChessBase"]
[SourceDate "2016.08.29"]
[SourceVersion "1"]
[SourceVersionDate "2016.08.29"]
[SourceQuality "1"]

1. d4 Nf6 2. c4 g6 3. g3 Bg7 4. Bg2 0-0 5. Nf3 d6 6. 0-0 Nbd7 7. Nc3 c5 8. dxc5 Nxc5 9. Nd4 a6 10. e4 Qc7 11. Qe2 Ng4 12. Nd5 Qd8 13. Bg5 Re8 14. Rad1 h6 15. Bc1 Nf6 16. h3 Nxd5 17. cxd5 Kh7 18. b4 Nd7 19. f4 Nf6 20. e5 Ng8 21. Kh2 Rb8 22. a4 Ra8 23. Bb2 Rb8 24. b5 axb5 25. Nxb5 Bd7 26. e6 Bxb5 27. Qxb5 f6 28. Bd4 b6 29. g4 Rf8 30. Qb2 Qc7 31. Rc1 Qb7 32. Rb1 Qa6 33. Rfc1 Rb7 34. Bf1 Qxa4 35. Bb5 Qa7 36. Ra1 Qb8 37. Bc6 Ra7 38. Bxb6 Rxa1 39. Rxa1 f5 40. Bd4 Qxb2+ 41. Bxb2 Bxb2 42. Rb1 Bg7 43. Kg3 fxg4 44. hxg4 Bd4 45. Rb4 Bc5 46. Rb3 Nf6 47. Rb7 Ng8 48. Kf3 Kg7 49. Kg3 Kf6 50. Rb3 Kg7 1/2-1/2

[Event "Goiania zt"]
[Site "Goiania"]
[Date "2013.06.09"]
[Round "6"]
[White "Boucher, Daniel Ricardo"]
[Black "Di Simoni, Rafaela Moura"]
[Result "1/2-1/2"]
[WhiteElo "1752"]
[BlackElo "1594"]
[PlyCount "60"]
[EventDate "2013.06.07"]
[EventType "swiss"]
[EventRounds "6"]
[EventCountry "BRA"]
[SourceTitle "EXT 2015"]
[Source "ChessBase"]
[SourceDate "2014.11.20"]
[SourceVersion "1"]
[SourceVersionDate "2014.11.20"]
[SourceQuality "1"]

1. b3 Nf6 2. f4 d6 3. Bb2 c5 4. Nf3 Nc6 5. e3 e6 6. Be2 Be7 7. Nc3 a6 8. 0-0 0-0 9. a4 Qc7 10. Qe1 d5 11. Qg3 b6 12. Bd3 a5 13. Nb5 Qd7 14. Ne5 Qb7 15. Nxc6 Qxc6 16. Rf2 Nh5 17. Qh3 g6 18. Rf3 e5 19. g4 e4 20. Kh1 exd3 21. Qxh5 gxh5 22. gxh5 Bf5 23. Rg3+ Bg6 24. cxd3 Bf6 25. hxg6 fxg6 26. d4 Qe6 27. Nc7 Qe4+ 28. Rg2 Rac8 29. Nb5 Be7 30. h3 c4 1/2-1/2

[Event "Goiania zt"]
[Site "Goiania"]
[Date "2013.06.08"]
[Round "3"]
[White "De Paula, Guilherme Bueno"]
[Black "Boucher, Daniel Ricardo"]
[Result "1-0"]
[WhiteElo "2011"]
[BlackElo "1752"]
[PlyCount "69"]
[EventDate "2013.06.07"]
[EventType "swiss"]
[EventRounds "6"]
[EventCountry "BRA"]
[SourceTitle "EXT 2015"]
[Source "ChessBase"]
[SourceDate "2014.11.20"]
[SourceVersion "1"]
[SourceVersionDate "2014.11.20"]
[SourceQuality "1"]

1. g3 Nf6 2. Bg2 g6 3. e4 d6 4. d3 Bg7 5. f4 c5 6. Nf3 Nc6 7. c3 Bg4 8. h3 Bxf3 9. Qxf3 0-0 10. 0-0 e6 11. Na3 Qe7 12. Be3 Nd7 13. Rad1 Rfd8 14. Nc2 a6 15. d4 Rac8 16. f5 b5 17. g4 b4 18. g5 f6 19. fxe6 Nde5 20. dxe5 Nxe5 21. Qe2 fxg5 22. cxb4 Qxe6 23. bxc5 g4 24. hxg4 Nxg4 25. Bd4 Be5 26. Bxe5 dxe5 27. Rd5 Rf8 28. Ne3 Rxf1+ 29. Bxf1 Nxe3 30. Qxe3 Qg4+ 31. Bg2 Rf8 32. c6 h5 33. c7 h4 34. Rd8 Kg7 35. c8Q 1-0

[Event "Anapolis Interior-ch"]
[Site "Anapolis"]
[Date "2012.08.03"]
[Round "1"]
[White "Boucher, Daniel Ricardo"]
[Black "Da Silva, Alexandre Mota"]
[Result "1-0"]
[WhiteElo "1707"]
[BlackElo "1823"]
[PlyCount "93"]
[EventDate "2012.08.03"]
[EventType "swiss"]
[EventRounds "6"]
[EventCountry "BRA"]
[SourceTitle "EXT 2014"]
[Source "ChessBase"]
[SourceDate "2013.11.20"]
[SourceVersion "1"]
[SourceVersionDate "2013.11.20"]
[SourceQuality "1"]

1. d4 d5 2. c4 c6 3. Nc3 Nf6 4. Nf3 e6 5. Bg5 Nbd7 6. Rc1 h6 7. Bf4 Bb4 8. Qb3 Qa5 9. c5 Ne4 10. h3 Ndf6 11. e3 b6 12. Ne5 Bd7 13. Bd3 bxc5 14. Bxe4 c4 15. Qc2 Nxe4 16. 0-0 Nf6 17. f3 c5 18. Nxd7 Nxd7 19. Bd6 cxd4 20. Bxb4 Qxb4 21. exd4 Nb6 22. f4 0-0 23. f5 Rae8 24. f6 g6 25. Rce1 a6 26. Re3 Qd6 27. Qd2 Nd7 28. Re5 Kh7 29. Qf4 Nxe5 30. dxe5 Qb6+ 31. Rf2 Rb8 32. Kh2 Qc5 33. Rd2 Rb7 34. Nd1 Rfb8 35. h4 Rb5 36. Ne3 Rxb2 37. Ng4 Qf8 38. Rxb2 Rxb2 39. Qc1 Rb5 40. h5 gxh5 41. Qc2+ Kh8 42. Ne3 Qg8 43. Qa4 Qg5 44. Qa3 Qxe5+ 45. g3 h4 46. Qf8+ Kh7 47. Qg7# 1-0

[Event "Anapolis Interior-ch"]
[Site "Anapolis"]
[Date "2012.08.03"]
[Round "2"]
[White "Froes, Leonardo Sanches"]
[Black "Boucher, Daniel Ricardo"]
[Result "1-0"]
[WhiteElo "1937"]
[BlackElo "1707"]
[PlyCount "135"]
[EventDate "2012.08.03"]
[EventType "swiss"]
[EventRounds "6"]
[EventCountry "BRA"]
[SourceTitle "EXT 2014"]
[Source "ChessBase"]
[SourceDate "2013.11.20"]
[SourceVersion "1"]
[SourceVersionDate "2013.11.20"]
[SourceQuality "1"]

1. d4 d5 2. Nf3 Nf6 3. Bf4 Bf5 4. e3 e6 5. Nbd2 Nbd7 6. c4 c5 7. cxd5 cxd4 8. dxe6 Bxe6 9. exd4 Bb4 10. a3 Be7 11. Be2 0-0 12. 0-0 Qa5 13. Nc4 Qf5 14. Bg3 Rfe8 15. Ne3 Qa5 16. b4 Qd8 17. Rc1 Rc8 18. Rxc8 Qxc8 19. Qb1 Qc3 20. Qd3 Rc8 21. Rd1 Nd5 22. Nxd5 Bxd5 23. h3 Nf6 24. Be5 Ne4 25. Bf4 Qc6 26. Rc1 Qe6 27. Rxc8+ Qxc8 28. Bd1 h6 29. Bc2 Nf6 30. Nd2 Qe6 31. Be5 g6 32. Qe3 Kh7 33. Bf4 Qxe3 34. fxe3 Nh5 35. Bb8 a6 36. e4 Bg5 37. Nf3 Be3+ 38. Kh2 Bc6 39. d5 Bb5 40. g3 Be2 41. Ng1 Bc4 42. Be5 f6 43. Bc7 Bd4 44. Nf3 Bb2 45. d6 Be6 46. a4 Ng7 47. b5 axb5 48. axb5 Ne8 49. b6 Kg7 50. Ba4 Kf7 51. d7 Bxd7 52. Bxd7 Ke7 53. Bc8 Nxc7 54. bxc7 Kd6 55. Bxb7 Kxc7 56. Ba8 Kd6 57. Nh4 g5 58. Nf5+ Ke6 59. Nxh6 Bc1 60. Nf5 Ke5 61. Kg2 Bb2 62. Kf3 Ke6 63. Kg4 Be5 64. Kh5 Kf7 65. Bd5+ Kf8 66. Kg6 Ke8 67. h4 gxh4 68. gxh4 1-0

[Event "Goiania op"]
[Site "Goiania"]
[Date "2012.03.11"]
[Round "5"]
[White "Boucher, Daniel Ricardo"]
[Black "Bocca, Edson Ricardo"]
[Result "1-0"]
[WhiteElo "1738"]
[BlackElo "1756"]
[PlyCount "103"]
[EventDate "2012.03.09"]
[EventType "swiss"]
[EventRounds "6"]
[EventCountry "BRA"]
[SourceTitle "CBM 147 Extra"]
[Source "ChessBase"]
[SourceDate "2012.04.24"]
[SourceVersion "1"]
[SourceVersionDate "2012.04.24"]
[SourceQuality "1"]

1. b3 e5 2. e4 Bc5 3. Nf3 Nc6 4. Bb2 d6 5. h3 Nf6 6. Nc3 Bb4 7. d3 Nd4 8. Be2 0-0 9. 0-0 Nxf3+ 10. Bxf3 Bxc3 11. Bxc3 h6 12. Qd2 Nh7 13. d4 f6 14. Rfe1 Ng5 15. Bh5 Bd7 16. Rad1 Kh7 17. h4 Nf7 18. Qe2 Qc8 19. f4 g6 20. Bxg6+ Kxg6 21. Rd3 Bg4 22. f5+ Bxf5 23. Rg3+ Kh7 24. Qh5 Qd7 25. exf5 Rg8 26. Rg6 Qe7 27. Bd2 Qf8 28. Re3 Nh8 29. Reg3 Nxg6 30. Rxg6 Rxg6 31. Qxg6+ Kh8 32. Bxh6 Qg8 33. Qxf6+ Kh7 34. Bg5 Qg7 35. Qe6 Rf8 36. f6 Qf7 37. d5 Qg6 38. Qe7+ Rf7 39. Qe8 Qg8 40. Qxg8+ Kxg8 41. Kf2 Kh7 42. h5 c6 43. c4 cxd5 44. cxd5 Rc7 45. Ke3 Rc3+ 46. Ke4 Rg3 47. Kf5 e4 48. h6 Rxg2 49. f7 Rf2+ 50. Bf4 e3 51. f8Q e2 52. Qg7# 1-0

[Event "Goiania op"]
[Site "Goiania"]
[Date "2012.03.10"]
[Round "4"]
[White "Rosa, Paulo Estevao"]
[Black "Boucher, Daniel Ricardo"]
[Result "1-0"]
[WhiteElo "1542"]
[BlackElo "1738"]
[PlyCount "57"]
[EventDate "2012.03.09"]
[EventType "swiss"]
[EventRounds "6"]
[EventCountry "BRA"]
[SourceTitle "CBM 147 Extra"]
[Source "ChessBase"]
[SourceDate "2012.04.24"]
[SourceVersion "1"]
[SourceVersionDate "2012.04.24"]
[SourceQuality "1"]

1. e3 e5 2. Bc4 d5 3. Bb3 Bf5 4. Nf3 Qd6 5. h3 h5 6. Nc3 c6 7. d3 Be7 8. 0-0 Nd7 9. e4 Be6 10. exd5 cxd5 11. Re1 0-0-0 12. Nb5 Qb8 13. Bg5 f6 14. Be3 Nc5 15. d4 a6 16. dxc5 axb5 17. a4 b4 18. Qd2 Nh6 19. Nh4 Nf5 20. Ng6 Rhe8 21. Nxe7+ Rxe7 22. Qxb4 d4 23. Bxe6+ Rxe6 24. Bd2 Re7 25. Qc4 Nh6 26. Ba5 Rdd7 27. b4 Qa8 28. Bb6 Rc7 29. a5 1-0